Stati per produzione di arance - Statistics

Statistiche generali
  • Questo quiz è stato fatto 20 volte
  • Il punteggio medio è 12 su 15
Statistiche sulle risposte
Continente Produzione (tonnellate) Stato % Corretto
Europa 1 495 067 Italia
100%
Europa 3 137 546 Spagna
100%
America del Nord 5 160 000 Stati Uniti
100%
Asia 8 550 865 Cina
94%
America del Sud 1 032 446 Argentina
88%
America del Sud 17 251 291 Brasile
88%
America del Nord 4 603 253 Messico
88%
Africa 3 438 030 Egitto
82%
Asia / Europa 1 850 000 Turchia
82%
Asia 7 503 000 India
76%
Europa 918 937 Grecia
71%
Asia 2 138 474 Indonesia
71%
Asia 1 592 944 Pakistan
71%
Africa 1 366 002 Sudafrica
71%
Asia 1 944 023 Iran
59%
Nessun quiz corrispondente trovato
Distribuzione punteggi
Percentuale di utenti per punteggio
Percentile per numero di risposta
I tuoi punteggi nel tempo
Non hai fatto questo quiz